1642 1770 1263 1314 1028 1355 1977 1608 1954 1239 1705 1212 1947 1521 1483 1593 1061 1959 1415 1358 1594 1325 1111 1946 1638 1702 1129 1543 1193 1018 1382 1801 1975 1768 1032 1832 1840 1196 1089 1015 1327 1071 1632 1532 1677 1501 1162 1502 1061 1526 1397 1720 1515 1188 1059 1333 1922 1843 1017 1377 1925 1753 1179 1224 1526 1334 1108 1160 1971 1228 1553 1416 1965 1026 1633 1677 1281 1645 1686 1703 1620 1135 1091 1352 1645 1091 1141 1673 1766 1089 1103 1957 1196 1846 1471 1093 1585 1820 1525 BCNSPRNW ULIB Ver.6.0+V

เปลี่ยนเป็นภาษาไทย

Change to English
 แสดงรายละเอียดบรรณานุกรม
  กลับหน้าหลัก

Brief Record : Get Marc (ISO 2709) : E-mail record : QR code < ปิดหน้าต่าง
LEADER : 00000nam 2200000uu 4500
001    13399123900
003     ULIB
008    141214s2555||||th 000 0 tha d
020    ^a9786162791277
060 04 ^aWJ300^bต367
110 1  ^aมหาวิทยาลัยมหิดล. ^bคณะแพทยศาสตร์ศิริราชพยาบาล.^bภาควิชาอายุรศาสตร์. ^bสาขาวักกะวิทยา
245 00 ^aตำราอายุรศาสตร์โรคไต 1 /^cบรรณาธิการ, เกรียงศักดิ์ วารีแสงทิพย์,นพรัตน์ เลาวหุตานนท์, ธัญญารัตน์ ธีรพรเลิศรัฐ
246 30 ^aโรคไต 1
250    ^aพิมพ์ครั้งที่ 1
260    ^aกรุงเทพฯ :^bสาขาวิชาวิทยา ภาควิชาอายุรศาสตร์คณะแพทยศาสตร์ศิริราชพยาบาล มหาวิทยาลัยมหิดล,^c2555
300    ^avi, 445 หน้า :^bภาพประกอบ ;^c26 ซม.
650  2 ^aKidney Disease
650  2 ^aKidney Disease^xdiaghosis
650  4 ^aไต, โรค
650  4 ^aไต, โรค^xการรักษา
653    ^aผลงานอาจารย์คณะแพทยศาสตร์ศิริราชพยาบาล
700 0  ^aเกรียงศักดิ์ วารีแสงทิพย์,^eบรรณาธิการ
700 0  ^aนพรัตน์ เลาวหุตานนท์,^eบรรณาธิการ
700 0  ^aธัญญารัตน์ ธีรพรเลิศรัฐ,^eบรรณาธิการ
945    ^p700^l0^i22574
945    ^p700^l0^i22575
999    ^aทศพร เกษรทอง
รายการนี้ยังไม่มีแท็ก
คุณยังไม่ได้ล็อกอิน คุณสามารถมีกิจกรรมร่วมกับเว็บไซต์ได้ แต่ต้องล็อกอินก่อน ::
  ล็อกอิน

รายการสื่อสารสนเทศ

ลำดับที่ ประเภท เลขเรียก/บาร์โค้ด สถานที่ สถานะ
1. วิทยาศาสตร์การแพทย์ และสุขภาพ
วิทยาศาสตร์การแพทย์ และสุขภาพ
สถานะ=หนังสือเก่า
WJ300 ต367 ฉ.1 
  Barcode: 22574
ห้องสมุดวิทยาเขตนครสวรรค์
►ส่วนจัดเก็บหนังสือเก่า นว.
บนชั้น
  ขอยืม
2. วิทยาศาสตร์การแพทย์ และสุขภาพ
วิทยาศาสตร์การแพทย์ และสุขภาพ
สถานะ=หนังสือเก่า
WJ300 ต367 ฉ.2 
  Barcode: 22575
ห้องสมุดวิทยาเขตนครสวรรค์
►ส่วนจัดเก็บหนังสือเก่า นว.
บนชั้น
  ขอยืม

รายการใกล้เคียง
    หัวเรื่อง [Kidney Disease]
    หัวเรื่อง [ไต, โรค]

BibComment


ยังไม่เคยถูกคอมเมนท์

คอมเมนท์ทรัพยากรรายการนี้
  คอมเมนท์: ตำราอายุรศาสตร์โ..


 Copyright 2026. Bcnsprnw @Library